书目信息

书名: 《PSSC物理》摘要与题解1 
作者: 王忠亮
出版信息: 成都   四川人民出版社  1981.02
开本页数: 19cm  292页
丛书名:
单 册:
中图分类: O4
科图分类:
主题词: 物理学
电子资源:
ISBN:
000 00535nam0 2200193 450
001 0649067750
005 20060322202349.82
010    @dCNY0.71
100    @a20060222d1981 km y0chiy0120 ea
101 @achi
102    @aCN@b510000
200 @a《PSSC物理》摘要与题解@A《PSSC wu li》zhai yao yu ti jie@h1@f王忠亮@Fwang zhong liang
210    @a成都@c四川人民出版社@d1981.02
215    @a292页@d19cm
606 @a物理学
690    @aO4@v4
701  0 @a王忠亮@Awang zhong liang
801  0 @aCN@bNISOFT@c20060322
905    @a10447@dO4@e229:1
    
    《PSSC物理》摘要与题解.1/王忠亮.-成都:四川人民出版社,1981.02
    292页;19cm
    
    
    ISBN :CNY0.71
    
相关链接 在五车中查询图书 在当当中查询图书 在豆瓣中查询图书


正题名:《PSSC物理》摘要与题解     索取号:O4/229:1         预约/预借

序号 登录号 条形码 馆藏地/架位号 状态 备注
1 125585   201255854   海科密-1楼/47架8列6层/ [索取号:O4/229:1] 在馆    
2 52367   200523674   海科密-1楼/47架8列7层/ [索取号:O4/229:1] 在馆    
3 52368   200523683   海科密-1楼/47架9列1层/ [索取号:O4/229:1] 在馆    
4 52369   200523692   海科密-1楼/47架9列1层/ [索取号:O4/229:1] 在馆    
5 52370   200523709   海科密-1楼/47架9列3层/ [索取号:O4/229:1] 在馆